Alles mit G - Geografie - Statistiken

Allgemein
  • Dieses Quiz wurde 240 mal gespielt
  • Das Durchschnittsergebnis liegt bei 21 aus 34
Antwortstatistiken
Hint Antwort % Korrekt
Griechenland
92%
Hauptsitz der Vereinten Nationen in Europa Genf
87%
Georgien
86%
Guinea
84%
Guatemala
83%
Guatemala-Stadt
83%
oberitalienischer See, beliebtes Urlaubsziel Gardasee
82%
einziger US-Bundesstaat mit G Georgia
82%
Guinea-Bissau
81%
Fluss durch Indien und Bangladesch Ganges
80%
Ghana
78%
Grenada
78%
Gambia
77%
Guyana
75%
NRW Gelsenkirchen
74%
Thüringen Gera
74%
Länder Gabun
73%
Meer zwischen Mexiko und Florida Golf von Mexiko
72%
größter See Frankreichs und der Schweiz Genfer See
71%
Niedersachsen Göttingen
65%
der höchste Berg Österreichs Großglockner
63%
Inselgruppe im Pazifik, die unter Naturschutz stehtmit einmaliger Flora und Fauna Galapagosinseln
56%
deutsche Universitätsstadt an der Ostsee Greifswald
54%
Georgetown
49%
NRW Gütersloh
45%
wo sich die Alhambra befindet Granada
42%
zweitlängster Fluss Chinas Gelber Fluss
35%
und zum Schluss gehen wir von der Erde zum Himmelund besuchen den Jupitermond, den größten Mond unseres Sonnensystems mit dem Namen ... Ganymed
28%
umstrittenes Gebiet zwischen Syrien, Israel und demLibanon Golanhöhen
28%
Gaborone
26%
See im Nordwesten Kanadas (4. größter Nordamerikas) Großer Bärensee
24%
Gitega
19%
großer See in Kanadas Norden Großer Sklavensee
13%
Berggruppe (8000er) zwischen Pakistan und China, bekannt u.a. durch einen Film von Werner Herzog Gasherbrum
3%
Keine übereinstimmenden Quizze gefunden
Verteilung der Resultate
Anzahl Personen mit jedem Resultat
Perzentil nach korrekt beantworteten Fragen
Ihre Resultats-Entwicklung
Sie haben dieses Quiz noch nicht gespielt